000 00388nam a2200133Ia 4500
008 151001s9999||||xx |||||||||||||| ||und||
100 _aरजनी शिरोडकर
245 _aउद्रेक
250 _a1
260 _bबांदोडकर पब्लिशिंग कंपनी मुंबई
260 _c1987
300 _a224
365 _b18
999 _c973765
_d973762